Abou-Simbel et l'epopee de sa decouverte /

محفوظ في:

المؤلف الرئيسي: Christophe, Louis-A. (مؤلف)

التنسيق: كتاب

اللغة: French

الموضوعات:

الوسوم: إضافة وسم

لا توجد وسوم, كن أول من يضع وسما على هذه التسجيلة!

رقم الطلب: DT73 .A15 C475 1965

LEADER 00866namaa2200241 4500
001 13429
003 OSt
005 20210628132153.0
008 130303s1965 be a e b 000 0 fre d
952 |0 0  |1 0  |2 lcc  |4 0  |6 DT0073 A15 C475 01965  |7 1  |9 16612  |a ARCE  |b ARCE  |d 2021-06-28  |l 0  |o DT73 .A15 C475 1965  |p 1004169  |r 2021-06-28 00:00:00  |w 2021-06-28  |y BK 
999 |c 13324  |d 13324 
040 |c ARCE Library 
043 |a f-ua---  
050 0 4 |a DT73 .A15 C475 1965 
100 1 |a Christophe, Louis-A.,  |e author 
245 1 0 |a Abou-Simbel et l'epopee de sa decouverte /  |c Louis-A. Christophe. 
264 1 |a Bruxelles :  |b P.F. Merckx,  |c 1965. 
300 |a 270 pages, [34] pages de planches :  |b illustrations (certaines en coul.) ;  |c 25 cm. 
500 |a Includes bibliographical refereces. 
651 0 |a Abū Sunbul (Egypt)  
651 0 |a Nubia  |x Antiquities. 
901 |a reviewed 
942 |c BK  |2 lcc